| 000 | 01036nam a22002297a 4500 | ||
|---|---|---|---|
| 008 | 260630s mx ||||gr|||| 001 0 spa d | ||
| 020 | _a970-35-0820-0 | ||
| 040 | _bspa | ||
| 041 | _aSPA | ||
| 082 | 0 | 4 |
_a372.423 _bA46 |
| 100 |
_9DEL AMO, MONTSERRAT _cHUERTA, DAVID |
||
| 245 |
_aLA NARRACIÓN ORAL Y LA LECTURA EN VOZ ALTA COMO TÉCNICA DE ANIMACIÓN A LA LECTURA _bLA LECTURA. LOS NIÑOS, LOS POEMAS Y LOS MUERTOS |
||
| 260 |
_aMÉXICO _bCONSEJO NACIONAL PARA LA CULTURA Y LAS ARTES _c2005 |
||
| 300 |
_a57 _c21 cm x 13.5 cm |
||
| 336 |
_2rdacontent _atexto _btxt |
||
| 337 |
_2rdamedia _asin mediación _bn |
||
| 338 |
_2rdacarrier _avolumen _bnc |
||
| 490 | 0 | _aVOL. 13 | |
| 505 | _aCombina teoría y práctica: por un lado, explica cómo la narración oral y la lectura en voz alta pueden ser herramientas poderosas para animar a la lectura; por otro, ofrece una reflexión poética y crítica sobre la infancia, la memoria y la muerte. | ||
| 650 |
_aCIENCIAS SOCIALES _vEDUCACIÓN _xEDUCACIÓN PRIMARIA |
||
| 942 |
_2ddc _cGENERAL |
||
| 999 |
_c68709 _d68709 |
||